OUTSIDE THE BOX ORIGAMI (Record no. 1222277)

MARC details
000 -LEADER
fixed length control field 00371nam a22001457a 4500
005 - DATE AND TIME OF LATEST TRANSACTION
control field 20260529112731.0
008 - FIXED-LENGTH DATA ELEMENTS--GENERAL INFORMATION
fixed length control field 260529b |||||||| |||| 00| 0 eng d
041 ## - LANGUAGE CODE
Source of code ENGLISH
100 ## - MAIN ENTRY--PERSONAL NAME
Personal name SCOTT WASSERMAN STERN
245 ## - TITLE STATEMENT
Title OUTSIDE THE BOX ORIGAMI
250 ## - EDITION STATEMENT
Edition statement 2011
260 ## - PUBLICATION, DISTRIBUTION, ETC. (IMPRINT)
Place of publication, distribution, etc U S
Name of publisher, distributor, etc LIBRARY OF CONGRES CATALONGING
Date of publication, distribution, etc 1/12/2025
300 ## - PHYSICAL DESCRIPTION
Extent H-112
942 ## - ADDED ENTRY ELEMENTS (KOHA)
Item type Book

No items available.